Healing Your Body (Record no. 4470)

MARC details
000 -LEADER
fixed length control field 00567nam a2200241 a 4500
020 ## - INTERNATIONAL STANDARD BOOK NUMBER
ISBN
082 00 - DEWEY DECIMAL CLASSIFICATION NUMBER
Classification number 242.4
Author Cutter FIE
100 ## - MAIN ENTRY--AUTHOR NAME
Author name Fielder, Arthur J
245 ## - TITLE STATEMENT
Title Healing Your Body
260 ## - PUBLICATION, DISTRIBUTION, ETC. (IMPRINT)
Place of publication London
Name of publisher Spck
Year of publication 1957
300 ## - PHYSICAL DESCRIPTION
Number of Pages 14p
500 ## - GENERAL NOTE
General note includes index and biblioraphy
505 2# - FORMATTED CONTENTS NOTE
Formatted contents note Notes, Index
650 ## - SUBJECT ADDED ENTRY--TOPICAL TERM
Topical Term Meditation-Christianity
942 ## - ADDED ENTRY ELEMENTS (KOHA)
Koha item type Books
700 1# -
-- Fielder, Arthur J
Holdings
Collection code Home library Current library Date acquired Cost, normal purchase price Full call number Accession Number Koha item type
  Henry Martyn Institute Library Henry Martyn Institute Library 07/05/2007 100.00 242.4 FIE 05499 Books
                   Copyright © 2026 | Henry Martyn Institute | Hyderabad | TS-500052 | INDIA | Implemented by hmi.edu.in
Hit-Count:

Powered by Koha